Two-Stage Asset Allocation with Data Envelopment Analysis: The Case of Emerging Markets
Rôzne pravidlá výstavby portfólia pomocou fondov obchodovaných na burze z osemnástich rozvíjajúcich sa trhov a na výber tých efektívnych využívanie analýzy obálky dát. Portfóliá vytvorené touto metódou jasne prekonávajú rovnako vážené portfóliá a tiež portfóliá vytvorené pomocou klasických prístupov...
Guardado en:
| Autor principal: | |
|---|---|
| Otros Autores: | , |
| Formato: | Capítulo de libro |
| Lenguaje: | inglés |
| Materias: | |
| Etiquetas: |
Sin Etiquetas, Sea el primero en etiquetar este registro!
|
MARC
| LEADER | 00000naa a2200000 4500 | ||
|---|---|---|---|
| 001 | 0272145 | ||
| 005 | 20210222163054.6 | ||
| 041 | 0 | |a eng | |
| 044 | |a CZ | ||
| 245 | 1 | 0 | |a Two-Stage Asset Allocation with Data Envelopment Analysis: The Case of Emerging Markets |c José Luis Miralles-Quirós, María Mar Miralles-Quirós, José Manuel Nogueir |
| 520 | |a Rôzne pravidlá výstavby portfólia pomocou fondov obchodovaných na burze z osemnástich rozvíjajúcich sa trhov a na výber tých efektívnych využívanie analýzy obálky dát. Portfóliá vytvorené touto metódou jasne prekonávajú rovnako vážené portfóliá a tiež portfóliá vytvorené pomocou klasických prístupov k optimalizácii portfólia. | ||
| 610 | 2 | 0 | |a portfólio |
| 610 | 2 | 0 | |a fondy akciové |
| 610 | 2 | 0 | |a burzy |
| 610 | 2 | 0 | |a aktíva |
| 100 | 1 | |a Miralles-Quirós, José Luis | |
| 700 | 1 | |a Miralles-Quirós, María Mar | |
| 700 | 1 | |a Nogueir, José Manuel | |